000 01006nam a2200229Ia 4500
003 OSt
005 20241104160449.0
007 ca aa aaaaa
008 201103s9999 xx 000 0 und d
040 _cSSBUL
041 _abur
082 _223
_a၂၉၄.၃၄၃၅ တင်
_b၉၀၈၂ S-SAT
100 0 _a တင်ရှိန်၊ ဦး။
_953538
245 1 0 _aပါဒစေတီ ရွှေစက်တော်သမိုင်းကြီး /
_cဦးတင်ရှိန်။
250 _aပဉ္စမအကြိမ်။
260 _aရန်ကုန် ၊
_bပြည်သူ့အလင်းစာပေတိုက်၊
_c၁၉၆၈။
300 _aစ၊ ၃၀၀ စာမျက်နှာ ၊
_c၁၈ စင်တီ။
500 _aS-SAT: Dr. Sai Aung Tun
650 _aစေတီပုထိုး
_zသမိုင်း
_955144
650 _aရွှေစက်တော်ဘုရား
_vသမိုင်း
_955145
942 _2ddc
_cBK1
999 _c16641
_d16641